Introducción al diseño con cableado estructurado en edificios
Guardado en:
| Hovedforfatter: | |
|---|---|
| Format: | Bog |
| Udgivet: |
1997
|
| Fag: | |
| Tags: |
Tilføj Tag
Ingen Tags, Vær først til at tagge denne postø!
|
MARC
| LEADER | 00000nam a2200000Ia 4500 | ||
|---|---|---|---|
| 003 | 008178 | ||
| 005 | 20221231144233.0 | ||
| 008 | 140114s1997 cr a m 000 ||s d | ||
| 040 | |c cru CEDI | ||
| 090 | |a TFG 3644 | ||
| 100 | |a Sáurez Messeguer, Alejandro |9 9574 | ||
| 245 | |a Introducción al diseño con cableado estructurado en edificios | ||
| 260 | |c 1997 | ||
| 300 | |a xi, 119 páginas : ilustraciones (algunas plegables) | ||
| 500 | |a Proyecto de graduación (bachillerato en ingeniería eléctrica)--Universidad de Costa Rica. Facultad de Ingeniería. Escuela de Ingeniería Eléctrica | ||
| 650 | |x CABLES DE TELECOMUNICACION |x FIBRA OPTICA |x SISTEMAS DE TRANSMISION DE DATOS |x TELECOMUNICACIONES |x CERAMICA - MATERIALES |9 9575 | ||
| 942 | |c TFG | ||
| 999 | |c 18874 |d 18874 | ||
